Oklahoma Basketball: Top 10 All-Time Leaders - Statistics

General Stats
  • This quiz has been taken 16 times
    5 since last reset
  • The average score is 16 of 90
Answer Stats
Category # Player Amount % Correct
Rebounds 10 Blake Griffin 805
100%
Field Goal Percent 1 Blake Griffin 61.8%
100%
Points Per Game 6 Blake Griffin 18.8
100%
Points 2 Buddy Hield 2,291
75%
Steals 10 Buddy Hield 168
75%
Three Pointers Made 1 Buddy Hield 349
75%
Games T7 Buddy Hield 132
75%
Games 10 Taylor Griffin 129
75%
Rebounds 9 David Johnson 810
50%
Games 6 David Johnson 133
50%
Blocks T8 Jabahri Brown 104
50%
Points 9 Alvan Adams 1,707
25%
Rebounds 3 Alvan Adams 938
25%
Field Goal Percent 7 Alvan Adams 53.9%
25%
Points Per Game 2 Alvan Adams 23.4
25%
Assists 10 Brent Price 377
25%
Steals 9 Brent Price 177
25%
Points Per Game 9 Brent Price 18.0
25%
Points 10 Eduardo Najera 1,646
25%
Rebounds 6 Eduardo Najera 910
25%
Steals 5 Eduardo Najera 193
25%
Field Goal Percent 5 Harvey Grant 54.2%
25%
Points Per Game 5 Harvey Grant 19.1
25%
Points 8 Hollis Price 1,821
25%
Assists 7 Hollis Price 462
25%
Steals 4 Hollis Price 224
25%
Three Pointers Made 4 Hollis Price 241
25%
Games T3 Hollis Price 136
25%
Blocks 7 Jamuni McNeace 117
25%
Assists 6 Mookie Blaylock 465
25%
Steals 2 Mookie Blaylock 281
25%
Points Per Game 8 Mookie Blaylock 18.1
25%
Points 6 Stacey King 2,008
25%
Rebounds 8 Stacey King 825
25%
Blocks 2 Stacey King 228
25%
Field Goal Percent 9 Stacey King 51.6%
25%
Points 1 Wayman Tisdale 2,661
25%
Rebounds 1 Wayman Tisdale 1,048
25%
Blocks 3 Wayman Tisdale 208
25%
Field Goal Percent 2 Wayman Tisdale 57.8%
25%
Points Per Game 1 Wayman Tisdale 25.6
25%
Rebounds 5 Al Beal 917
0%
Blocks 4 Al Beal 135
0%
Field Goal Percent 4 Al Beal 55.7%
0%
Assists 3 Bo Overton 514
0%
Three Pointers Made 5 Brady Manek 235
0%
Three Pointers Made 8 Cade Davis 181
0%
Three Pointers Made T9 Christian James 176
0%
Games 9 Christian James 131
0%
Points Per Game 4 Corey Brewer 19.2
0%
Points 5 Darryl Kennedy 2,097
0%
Rebounds 2 Darryl Kennedy 954
0%
Field Goal Percent 10 Darryl Kennedy 51.5%
0%
Games T1 Darryl Kennedy 137
0%
Points Per Game 7 David Little 18.6
0%
Field Goal Percent 6 Don Sidle 54.0%
0%
Points Per Game 3 Don Sidle 20.4
0%
Rebounds 7 Gar Heard 830
0%
Three Pointers Made T9 Isaiah Cousins 176
0%
Games T1 Isaiah Cousins 137
0%
Assists 8 Jan Pannell 459
0%
Points 3 Jeff Webster 2,281
0%
Field Goal Percent 8 Jeff Webster 52.3%
0%
Points Per Game 10 Jeff Webster 17.8
0%
Blocks 5 Johnnie Gilbert 132
0%
Assists 9 John Ontjes 398
0%
Assists T4 Jordan Woodard 471
0%
Steals 7 Jordan Woodard 186
0%
Field Goal Percent 3 Kevin Bookout 57.4%
0%
Blocks 1 Khadeem Lattin 235
0%
Games 5 Khadeem Lattin 134
0%
Blocks 10 Longar Longar 103
0%
Assists T4 Ricky Grace 471
0%
Steals 8 Ricky Grace 178
0%
Blocks 6 Ryan Humphrey 119
0%
Points 7 Ryan Minor 1,946
0%
Steals 6 Ryan Minor 188
0%
Rebounds 4 Ryan Spangler 929
0%
Three Pointers Made 3 Steven Pledger 249
0%
Blocks T8 Taj Gray 104
0%
Assists 1 Terry Evans 651
0%
Steals 3 Terry Evans 265
0%
Three Pointers Made 2 Terry Evans 259
0%
Three Pointers Made 6 Tim Heskett 215
0%
Steals 1 Tim McAlister 319
0%
Points 4 Tim McCalister 2,275
0%
Assists 2 Tim McCalister 628
0%
Games T3 Tim McCalister 136
0%
Three Pointers Made 7 Tony Crocker 198
0%
Games T7 Tony Crocker 132
0%
No matching quizzes found
Score Distribution
Percent of People with Each Score
Percentile by Number Answered
Your Score History
You have not taken this quiz since the last reset